Loading...
| Science - Biology | 0 | 4 | 0 | 0 | 40 | 74 | 94.50 | 3 | 4 |
| History - Other History | 1 | 2 | 0 | 0 | 35 | 42 | 80.67 | 0 | 3 |
| Geography | 0 | 2 | 0 | 1 | 20 | 72 | 82.50 | 2 | 2 |
| History - European History | 0 | 2 | 0 | 0 | 20 | 81 | 84.50 | 0 | 2 |
| History - World History | 0 | 2 | 1 | 2 | 15 | 115 | 119.50 | 0 | 2 |
| Literature - American Literature | 0 | 1 | 0 | 1 | 10 | 160 | 160.00 | 0 | 1 |
| Mythology | 0 | 1 | 0 | 0 | 10 | 97 | 97.00 | 1 | 1 |
| Philosophy | 0 | 2 | 2 | 1 | 10 | 104 | 107.50 | 1 | 2 |
| Fine Arts - Auditory Fine Arts | 0 | 1 | 1 | 0 | 5 | 139 | 139.00 | 0 | 1 |
| Fine Arts - Visual Fine Arts | 0 | 1 | 1 | 0 | 5 | 88 | 88.00 | 1 | 1 |
| Literature - World Literature | 0 | 1 | 1 | 0 | 5 | 130 | 130.00 | 0 | 1 |
| Social Science | 0 | 1 | 2 | 0 | 0 | 128 | 128.00 | 1 | 1 |
| Literature - European Literature | 0 | 0 | 1 | 0 | -5 | 0.00 | 0 | 0 | |
| Religion | 0 | 0 | 1 | 0 | -5 | 0.00 | 0 | 0 | |
| History - American History | 0 | 0 | 1 | 0 | -5 | 0.00 | 0 | 0 |